000 00941nam a22002177a 4500
999 _c16515
_d16515
003 AR-CdUCM
008 190503b ||||| |||| 00| 0 spa d
040 _aMUNICIPALIDAD PROVINCIAL DEL CUSCO
_cBIBLIOTECA MUNICIPAL DEL CUSCO
082 _a330.9 /
_bH817
100 _aHorrabin, James Francis.
_936002
245 _aManual de geografía económica :
_b los factores geográficos en la historia de la civilización /
260 _aBuenos Aires :
_bClaridad,
300 _a149 paginas ;
_bIlustraciones, mapas, cuadros,
_c19 cm.
440 _aColección claridad
_99379
505 _aContenido : Los factores geográficos de la historia -- El hombre y el medio ambiente -- Historia del mundo -- Las cunas de la civilización -- El océano -- La ruta del oeste...
650 _aGeografía económica
_93160
650 _aCivilizacion
_91048
650 _aFactores geograficos
_936003
942 _2ddc
_cLIBROS
945 _awnts
_d2019-05-3